Practical pig production

Uloženo v:
Podrobná bibliografie
Hlavní autor: Thornton, Keith (Autor)
Médium: Kniha
Jazyk:angličtina
Vydáno: Londres Farming Press 1978
Témata:
Tagy: Přidat tag
Žádné tagy, Buďte první, kdo vytvoří štítek k tomuto záznamu!

MARC

LEADER 00000nam a2200000 a 4500
001 UCS8984
003 CL-VaPUC
008 971113e19780000uk |||||||||||||||||eng|d
082 0 4 |a 636.4  |b THO  |2 21 
100 0 |a Thornton, Keith  |e author  |9 393801 
245 1 0 |a Practical pig production 
300 |a 224 p 
942 |c BK 
945 |d 19971113 00:00:00  |a jquezada 
260 |a Londres  |b Farming Press  |c 1978 
650 7 |a CERDO  |2 CL-VaPUC  |9 393802 
650 7 |a PORCINOS  |2 CL-VaPUC  |9 393803 
650 0 |a Producción animal  |9 393778 
650 7 |a MANEJO DEL GANADO  |2 CL-VaPUC  |9 393804 
650 0 |a Alimentación animal  |9 393779 
650 7 |a INDUSTRIA  |2 CL-VaPUC  |9 315110 
650 7 |a ESTABLOS  |2 CL-VaPUC  |9 393806 
583 |a last modification  |c 20150507 04:30:05  |k Rodrigo Vera 
999 |c 263066  |d 263064